Papes depuis 1900 - Statistiques

Statistiques générales
  • Ce quiz a été pris 155 fois
  • Le résultat moyen est 10 sur 11
Statistiques - réponses
année pape % Correct
2013 {François}
97%
2005 {Benoît} XVI
95%
1978 {Jean-Paul} II
95%
1978 {Jean-Paul} I
90%
1939 {Pie} XII
90%
1958 {Jean} XXIII
89%
1903 {Pie} X
88%
1922 {Pie} XI
88%
1963 {Paul} VI
84%
1914 {Benoît} XV
77%
1900 {Léon} XIII
64%
Aucun quiz correspondant
Distribution des résultats
% des personnes avec chaque résultat
Percentile par nombre de réponses
Votre historique - résultats
Vous n’avez pas pris ce quiz